Largest Metro Networks in China - Statistics

General Stats
  • This quiz has been taken 14 times
  • The average score is 10 of 15
Answer Stats
Hint Answer % Correct
896 km (2024-11-30) Shanghai
100%
879 km (2024-12-16) Beijing
83%
631.01 km (2024-12-31) Chengdu
83%
557.87 km (2025-1-31) Chongqing
83%
705.1 km (2025-2-20) Guangzhou
83%
583.4 km (2024-12-28) Shenzhen
83%
516 km (2023-2-21) Hangzhou
75%
484 km (2025-1-6) Nanjing
75%
518 km (2024-12-31) Wuhan
75%
403 km (2025-3-13) Xi'an
67%
450 km (2024-12-29) Zhengzhou
67%
335 km (2024-12-28) Tianjin
50%
352 km (2024-12-31) Qingdao
33%
350 km (2025-1-6) Suzhou
25%
237.07 km (2023-3-18) Dalian
17%
No matching quizzes found
Score Distribution
Percent of People with Each Score
Percentile by Number Answered
Your Score History
You have not taken this quiz